Datum a čas kvízu
29.5
Celkem bodů
Celkový počet nahraných bodů na tomto kvízu bez doplňovacích otázek.
9.
Pořadí na kvízu
Konečné umístění týmu na tomto kvízu.
Zaznamenané odpovědi
| # | Otázka | Odpověď | Body | Výsledky |
|---|---|---|---|---|
| 1. | K razantnímu kroku přistoupila... | tepláky a crop topy (krátká trika) | 1 | |
| 2. | Který bývalý evropský preziden... | Nicolas Sarkozy | 1 | |
| 3. | Menší studio Voodoo Kollektiv... | Jiří Kára | 0 | |
| 4. | Na jedné technické univerzitě... | Ostrava | 0 | |
| 5. | Který divizní tým vyřadil minu... | (FK) Nové Sady | 0 | |
| 6. | Gesto, které vidíme na obrázku... | 1C 2B 3D 4A | 0 | |
| 7. | Gesto na obrázku znamená v mno... | o stoletou válku | 1 | |
| 8. | Sheldon Cooper v Teorii velkéh... | Spocka a tapíra (ještěra) | 0 | |
| 9. | Která dvě písmena české dvouru... | B, N | 1 | |
| 10. | Na výřezu z obrazu francouzské... | paroháč (že je mu žena nevěrná) | 1 |